000 02676nam0a2200361 4500
001 RU\NLR\BIBL_A\011682270
005 20180428113930.0
010 _a978-5-4242-0556-9
_9500
021 _aRU
_bКН-П-18-019097
_9КН-П-18-1386
035 _a(NLR Aleph) 011682270
035 _a(RuMoRGB)009573050
090 _a11292978
_c11292978
100 _a20180416d2017 k y0rusy50 ca
101 0 _arus
102 _aRU
105 _aa|||z|||100zy
200 1 _aАктуальные проблемы современной науки: взгляд молодых ученых
_eматериалы Всероссийской научно-практической конференции с международным участием, г. Грозный, 12 мая 2017 г.
_fМинистерство образования и науки Российской Федерации, Федеральное государственное бюджетное образовательное учреждение высшего образования "Чеченский государственный педагогический университет", Кафедра философии, политологии и социологии
_g[научные редакторы: Бетильмерзаева М. М., д.филос.н., проф., Гадаев В. Ю., к.филос.н., проф.]
210 _aМахачкала
_cАЛЕФ
_d2017
215 _a497 с.
_cил., табл.
_d21
320 _aБиблиогр. в конце ст.
606 1 _aНаучные конференции
_xГрозный, город (Чечня)
_jСборники
_2nlr_sh2
_3RU\NLR\AUTH\6601610105
686 _aЯ431(2)3
_2rubbk
686 1 _aЯ431(2Р-6Че-2Гр)
702 1 _aБетильмерзаева
_bМ. М.
_gМарет Мусламовна
_4340
702 1 _aГадаев
_bВ. Ю.
_gВаха Юнусович
_4340
711 1 2 _a"Актуальные проблемы современной науки: взгляд молодых ученых", всероссийская научно-практическая конференция с международным участием
_f2017
_eГрозный
_3RU\NLR\AUTH\880469269
712 0 2 _aЧеченский государственный педагогический университет
_cГрозный
_bКафедра философии, политологии и социологии
_3RU\NLR\AUTH\880469273
_4570
942 _cBOOK
980 _aNBR
980 _aNB